Estudio de rentabilidad (Registro nro. 2244)

Detalles MARC
000 -LEADER
fixed length control field 01082 a2200229 4500
001 - CONTROL NUMBER
control field 32082
005 - DATE AND TIME OF LATEST TRANSACTION
control field 20260407155621.0
008 - FIXED-LENGTH DATA ELEMENTS--GENERAL INFORMATION
fixed length control field 260407a1968 arg spa d
003 - CONTROL NUMBER IDENTIFIER
control field AR-UNSa-BCEJYS
040 ## - CATALOGING SOURCE
Original cataloging agency AR-UNSa-BCEJYS
Language of cataloging spa
Transcribing agency AR-UNSa-BCEJYS
080 ## - UNIVERSAL DECIMAL CLASSIFICATION NUMBER
Universal Decimal Classification number (031)658
Common auxiliary subdivision Enciclopedía de Administración
041 ## - LANGUAGE CODE
Language code of text/sound track or separate title spa
100 1# - MAIN ENTRY--PERSONAL NAME
Personal name Franquet, Antoine
245 10 - TITLE STATEMENT
Title Estudio de rentabilidad
250 ## - EDITION STATEMENT
Edition statement 3a. ed.
264 #1 - PRODUCTION, PUBLICATION, DISTRIBUTION, MANUFACTURE, AND COPYRIGHT NOTICE
Place of production, publication, distribution, manufacture Bilbao :
Name of producer, publisher, distributor, manufacturer Ediciones Deusto
Date of production, publication, distribution, manufacture, or copyright notice 1968
300 ## - PHYSICAL DESCRIPTION
Extent 222 p.
Dimensions 22 cm.
505 ## - FORMATTED CONTENTS NOTE
Formatted contents note 1.La rentabilidad - 2. Resumen de elementos contables y documentos de gestión - 3. Practicas de estudio de renatbilidad - 4. Datos de base utilizados en los estudios de rentabilidad - 5. La función de producción - 6. Funciones auxiliares de producción - 7. La función de aprvisionamiento - 8. La función venta - 9. La función de investigación y de concepción - 10. Los stock y los productos en curso - 11. Las invesiones - 12. Las fabricaciones.
590 ## - LOCAL NOTE (RLIN)
Local note niveau_biblio:m niveau_hierar:0
700 1# - ADDED ENTRY--PERSONAL NAME
Personal name Gómez de Enterría de Laforgue, Pilar
942 ## - ADDED ENTRY ELEMENTS (KOHA)
Koha item type
Existencias
Withdrawn status Lost status Damaged status Not for loan Home library Current library Shelving location Date acquired Total checkouts Full call number Barcode Date last seen Price effective from Koha item type
        Biblioteca Prof. Eusebio Cleto del Rey Biblioteca Prof. Eusebio Cleto del Rey   07/04/2026   R(031)658 E56 3ed. v.13 L25876 07/04/2026 07/04/2026 Libro
        Biblioteca Prof. Eusebio Cleto del Rey Biblioteca Prof. Eusebio Cleto del Rey   07/04/2026   R(031)658 E56 3ed. v.13 L25877 07/04/2026 07/04/2026 Libro